Diagnóstico salud ocupacional

محفوظ في:
التفاصيل البيبلوغرافية
المؤلف الرئيسي: Peña, Julia
التنسيق: نص
منشور في: s.e.: s.e.
الوسوم: إضافة وسم
لا توجد وسوم, كن أول من يضع وسما على هذه التسجيلة!

MARC

LEADER 00000 a a2200000 04500
001 21004
003
040
090 |a 090400  
100 |a Peña, Julia  
245 |a Diagnóstico salud ocupacional  
260 |a s.e.:   |b s.e.  
300 |a 28 p.  
999 |c 16856  |d 16856